00914nam a2200241Ia 4500001000600000003000900006008004100015040001300056040001300069041001300082100002000095100002900115245009500144245009500239250001100334260001200345260002000357260004900377300004200426500014800468650002500616650003100641 5237IT-RoPAU130308s9999 xx 000 0 und d aIT-RoPAU cIT-RoPAU aITALIANO aMontanaro Carlo gCodice Aut. SPICS: 3629 aElenco generale dei film reperibili in Italia diviso per temi, tendenze e autori 1968/1969 bElenco Generale dei Film Reperibili in Italia Diviso per Temi, tendenze e Autori 1968/1969 a1a ed. aVENEZIA bCinit/Cineforum c1969 [1° Ed.:1969 - Ed.Ling.Originale:1969] a"170 p. (prefazione: 10; testo: 160)" aCineforum Catalogo Film per cineforum a passo Normale e ridotto Associazioni Culturali case Distributrici Film temi tendenze e Autori 1968/1969 aSCHEDE FILMOGRAFICHE eCodice materia Spics: 6814